| 000 | 01693cam a2200373 i 4500 | ||
|---|---|---|---|
| 001 | sky298896229 | ||
| 003 | SKY | ||
| 005 | 20200903164309.0 | ||
| 008 | 191020s2020 nyua j 000 1 eng d | ||
| 020 | _a9781534461178 (hardcover) | ||
| 040 |
_aYDX _beng _cYDX _dBDX _dFM0 _dOCLCQ _dZAE _dSKYRV _dCoBoFLC _erda |
||
| 050 | _aPZ | ||
| 082 | 0 | _aE | |
| 092 |
_ajunior fiction _bCoven |
||
| 100 | 1 |
_aCoven, Wanda, _eauthor. _95693573 |
|
| 245 | 1 | 0 |
_aHenry Heckelbeck and the haunted hideout / _cby Wanda Coven ; illustrated by Priscilla Burris. |
| 246 | 3 | 0 | _aHaunted hideout. |
| 260 |
_aNew York : _bLittle Simon, _c2020. |
||
| 264 | 1 |
_bSimon & Schuster _c2020. _aNew York ; |
|
| 300 |
_a118 pages : _billustrations ; _c20 cm. |
||
| 336 | _atext | ||
| 337 | _aunmediated | ||
| 338 | _avolume | ||
| 490 | 1 |
_aHenry Heckelbeck ; _v3. |
|
| 520 | _a"Henry is just like any other normal kid. He plays soccer. He isn't a huge fan of homework. He even has an older sister, Heidi. What's not so normal about Henry is that he's magic. Henry also needs a hideout. He needs a place to play with his best friend where his sister can't bother them. A hideout like this calls for a magic spell. But can magic make a hideout haunted?"--Publisher's website. | ||
| 650 | 0 |
_aMagic _vJuvenile fiction. _95673690 |
|
| 650 | 0 |
_aHaunted places _vJuvenile fiction. _95711936 |
|
| 650 | 0 |
_aBrothers and sisters _vJuvenile fiction. _95674032 |
|
| 650 | 0 |
_aHiding places _vJuvenile fiction. _95716737 |
|
| 700 | 1 |
_aBurris, Priscilla, _eillustrator. _939985 |
|
| 800 | 1 |
_aCoven, Wanda. _tHenry Heckelbeck ; _v#3. _96372477 |
|
| 907 | _a.b42186722x | ||
| 942 |
_2ddc _cBOOK |
||
| 999 |
_c353112 _d353112 |
||